书目信息 |
| 题名: |
毛泽东思想概论学习指导
|
|
| 作者: | 张虹 主编 | |
| 分册: | ||
| 出版信息: | 北京 中国青年出版社 2003 |
|
| 页数: | 98页 | |
| 开本: | 26cm | |
| 丛书名: | ||
| 单 册: | ||
| 中图分类: | A84 | |
| 科图分类: | ||
| 主题词: | 毛泽东著作--学习 , 毛泽东著作研究 | |
| 电子资源: | ||
| ISBN: | 7-5006-5382-4 | |
| 000 | 00893nam0 2200241 450 | |
| 001 | 0732289597 | |
| 005 | 20070704162257.03 | |
| 010 | @a7-5006-5382-4@dCNY10.00 | |
| 100 | @a20070703d2003 km y0chiy0120 ea | |
| 101 | 0 | @achi |
| 102 | @aCN@b110000 | |
| 200 | 1 | @a毛泽东思想概论学习指导@Amao ze dong si xiang gai lun xue xi zhi dao@e专科本@f张虹主编@Fzhang hong zhu bian |
| 210 | @a北京@c中国青年出版社@d2003 | |
| 215 | @a98页@d26cm | |
| 300 | @a全国普通高等学校“两课”示范教材配套专用书含示范教材考点精粹、重要概念解释、思考题解答和模拟试题及解析 | |
| 330 | @a本书结合毛泽东思想的形成、发展、科学内涵、科学体系、历史地位、现实意义等理论提供了知识点逻辑结构、基本知识和练习题。 | |
| 517 | 1 | @a专科本@Azhuan ke ben |
| 606 | 0 | @a毛泽东著作@x学习 |
| 606 | 0 | @a毛泽东著作研究 |
| 690 | @aA84@v3 | |
| 701 | 0 | @a张虹@Azhang hong@4主编 |
| 801 | 0 | @aCN@bPFT@c20070704 |
| 905 | @a10447@dA84@e109 | |
| 毛泽东思想概论学习指导:专科本/张虹主编.-北京:中国青年出版社,2003 |
| 98页;26cm |
| 全国普通高等学校“两课”示范教材配套专用书含示范教材考点精粹、重要概念解释、思考题解答和模拟试题及解析 |
| ISBN 7-5006-5382-4:CNY10.00 |
| 本书结合毛泽东思想的形成、发展、科学内涵、科学体系、历史地位、现实意义等理论提供了知识点逻辑结构、基本知识和练习题。 |
| ● |
| 相关链接 |
|
|
|
|
正题名:毛泽东思想概论学习指导
索取号:A84/109
 
预约/预借
| 序号 | 登录号 | 条形码 | 馆藏地/架位号 | 状态 | 备注 |
| 1 | 0764496 | 207644968 | 第一样本阅览室/ [索取号:A84/109] | 在馆 |